• 首页
  • 本馆介绍
  • 公告通知
  • 最新文献
  • 馆藏检索
  • 电子资源
  • 读者荐购
  • 参考咨询
  • CALIS
  • 我的图书馆
  • 登录
  • 详细信息显示
  • 放入我的书架
  • 预约/预借图书
  • 作者相关作品
  • 分类相关作品
  • 丛书相关作品
  • 出版社相关作品

书目信息

  • 表格格式
  • 工作单格式
  • 卡片格式
题名:
低碳城市环境物理
    
 
作者: 赵敬源 , 刘加平 编著
分册:  
出版信息: 北京   中国建筑工业出版社  2025.01
页数: 346页
开本: 26cm
丛书名: 碳中和城市与绿色智慧建筑系列教材
单 册:
中图分类: TU-856
科图分类:
主题词: 建筑艺术--关系
电子资源:
ISBN: 978-7-112-30638-1
 
 
 
 
 
000 01237nam0 2200265 450
001 2531421711
005 20251205092424.20
010    @a978-7-112-30638-1@dCNY69.00
100    @a20251205d2025 km y0chiy0120 ea
101 0  @achi
102    @aCN@b110000
200 1  @a低碳城市环境物理@ADi Tan Cheng Shi Huan Jing Wu Li@f赵敬源, 刘加平编著@FZhao Jing Yuan,Liu Jia Ping Bian Zhu
210    @a北京@c中国建筑工业出版社@d2025.01
215    @a346页@d26cm
225 2  @a碳中和城市与绿色智慧建筑系列教材
300    @a本书主要包括三个部分的内容。 首先讲述了城市环境物理基础知识, 以及人类活动与城市环境之间的互动关系 ; 再从热环境、湿环境、风环境、光环境、声环境五个方面, 简述了城市环境的物理特征和变化规律、城市空间形态和布局与城市物理环境、碳排放的耦合关系和相互作用机理 ; 进而介绍了通过规划设计手段实现低碳目标下城市环境的控制优化 ; 最后介绍了低碳城市评价的体系和方法。
410  0 @12001 @a碳中和城市与绿色智慧建筑系列教材
503    @n河南城建学院图书馆
510 1  @a= Low-carbon urban environment physics
606 0  @a建筑艺术@x关系
690    @aTU-856@v4
701  0 @a赵敬源@AZhao Jing Yuan@4编著
701  0 @a刘加平@ALiu Jia Ping@4编著
801  0 @aCN@b大连网信软件有限公司图书馆·11@c20251205
905    @aZUCC@dTU-856@eZ3081
    
    低碳城市环境物理/赵敬源, 刘加平编著.-北京:中国建筑工业出版社,2025.01
    346页;26cm.-(碳中和城市与绿色智慧建筑系列教材)
    本书主要包括三个部分的内容。 首先讲述了城市环境物理基础知识, 以及人类活动与城市环境之间的互动关系 ; 再从热环境、湿环境、风环境、光环境、声环境五个方面, 简述了城市环境的物理特征和变化规律、城市空间形态和布局与城市物理环境、碳排放的耦合关系和相互作用机理 ; 进而介绍了通过规划设计手段实现低碳目标下城市环境的控制优化 ; 最后介绍了低碳城市评价的体系和方法。
    
    ISBN 978-7-112-30638-1:CNY69.00
    
●
相关链接 在E读中查询图书 在当当中查询图书 在豆瓣中查询图书


正题名:低碳城市环境物理     索取号:TU-856/Z3081         预约/预借

序号 登录号 条形码 馆藏地/架位号 状态 备注
1 1556576   215565760   建筑与城市规划学院资料室/ [索取号:TU-856/Z3081] 在馆    
2 1556577   215565779   建筑与城市规划学院资料室/ [索取号:TU-856/Z3081] 在馆    
河南城建学院图书馆 欢迎您!
大连网信软件有限公司© 版权所有